Το ελληνικό γενικό λογιστικό σχέδιο

Αποθηκεύτηκε σε:
Λεπτομέρειες βιβλιογραφικής εγγραφής
Κύριος συγγραφέας: Σακέλλης, Εμμανουήλ Ι.
Μορφή: Βιβλίο
Γλώσσα:Greek
Δημοσίευση: [Αθήνα] : Βρυκούς, [1999;]
Θέματα:
Ετικέτες: Προσθήκη ετικέτας
Δεν υπάρχουν, Καταχωρήστε ετικέτα πρώτοι!

MARC

LEADER 00000cam a2200000 i 4500
001 1/59161
008 020301q1999 gre d
035 |l 10000454 
040 |a GR-MY-UA  |b gre  |e aacr 
041 0 |a gre 
082 0 |a 657.09495 
100 1 |a Σακέλλης, Εμμανουήλ Ι. 
245 1 3 |a Το ελληνικό γενικό λογιστικό σχέδιο /  |c Εμμανουήλ Ι. Σακέλλης 
260 |a [Αθήνα] :   |b Βρυκούς,   |c [1999;] 
300 |a 3 τ. (2523 σ.) 
500 |a Συνδιασμένη-παράλληλη ανάπτυξη και ερμηνεία: ελληνικού γενικού λογιστικού σχεδίου, εμπορικής νομοθεσίας (ν.2190/1920, 3190/1955 κλπ.), φορολογίας εισοδήματος, κώδικα βιβλίων στοιχείων, φόρου προστιθέμενης αξίας-χαρτοσήμου, των οικονομικών καταστάσεων των επιχειρήσεων, των φόρων των επιχειρήσεων και της λογισατικής τους παρακολούθησης 
504 |a Περιέχει ευρετήρια 
505 0 |a τ.1: λογαριασμοί 10 έως 39τ.2: λογαριασμοί 40 έως 89 & 00 έως 09τ.3: φόροι-οικονομικές καταστάσεις-σχέδιο λογαριασμών-γνωματεύσεις Ε.ΣΥ.Λ.-ευρετήριο 
650 0 0 |a Accounting  |z Greece. 
852 |a INST  |b CHIOS  |e 20020301  |h 657.09495 ΣΑΚ  |p 005200019994  |q 005200019994  |t BK  |y 0  |z τ.3 
852 |a INST  |b CHIOS  |e 20020301  |h 657.09495 ΣΑΚ  |p 005200019995  |q 005200019995  |t BK  |y 0  |z τ.1 
852 |a INST  |b CHIOS  |e 20020301  |h 657.09495 ΣΑΚ  |p 005200019996  |q 005200019996  |t BK  |y 0  |z τ.1 
852 |a INST  |b CHIOS  |e 20020301  |h 657.09495 ΣΑΚ  |p 005200019998  |q 005200019998  |t BK  |y 0  |z τ.3 
852 |a INST  |b CHIOS  |e 20020301  |h 657.09495 ΣΑΚ  |p 005200019999  |q 005200019999  |t BK  |y 0  |z τ.2 
852 |a INST  |b CHIOS  |e 20020301  |h 657.09495 ΣΑΚ  |p 005200020001  |q 005200020001  |t BK  |y 0  |z τ.2 
852 |a INST  |b CHIOS  |e 20020301  |h 657.09495 ΣΑΚ  |p 005200019994  |q 005200019994  |t BK  |v τ.3:  |y 0  |z τ.3 
852 |a INST  |b CHIOS  |e 20020301  |h 657.09495 ΣΑΚ  |p 005200019995  |q 005200019995  |t BK  |v τ.1:  |y 0  |z τ.1 
852 |a INST  |b CHIOS  |e 20020301  |h 657.09495 ΣΑΚ  |p 005200019996  |q 005200019996  |t BK  |v τ.1:  |y 0  |z τ.1 
852 |a INST  |b CHIOS  |e 20020301  |h 657.09495 ΣΑΚ  |p 005200019998  |q 005200019998  |t BK  |v τ.3:  |y 0  |z τ.3 
852 |a INST  |b CHIOS  |e 20020301  |h 657.09495 ΣΑΚ  |p 005200019999  |q 005200019999  |t BK  |v τ.2:  |y 0  |z τ.2 
852 |a INST  |b CHIOS  |e 20020301  |h 657.09495 ΣΑΚ  |p 005200020001  |q 005200020001  |t BK  |v τ.2:  |y 0  |z τ.2 
853 |a INST  |b CHIOS  |h 657.09495 ΣΑΚ 
901 |a BIBL2-2002-1 
909 |a Χ  |b 099747 
909 |a Χ  |b 099748 
909 |a Χ  |b 099749 
909 |a Χ  |b 099750 
909 |a Χ  |b 099751 
909 |a Χ  |b 099752 
970 |a ΣΠΕΝΤΖΑ  |b ΕΛΕΝΗ  |z 2002/03/01